000 00278nam a2200121Ia 4500
008 191201s2019 xx 000 0 und d
100 _aMade Easy
245 0 _aGate 2020 Computer Science and IT
260 _bMade Easy
_c2019
300 _a704
650 _aMCA
942 _2ddc
_cBK
999 _c6853
_d6853